00564 2200205 4500001002100000005001500021035002000036007000300056008004100059082000800100084001400108100002300122245006400145250001200209260003400221300002100255600006300276856000800339990001100347INLIS00000000000026020260305111938 a0010-0326000022ta260305 0  a200 a200 LUK h1 aLUKMAN HAKIM,S.Ag.1 aHIDUP SESUDAH MATI MALAM PERTAMA DIALAM BARZAH (ALAM KUBUR) aPERTAMA aJakarta :bsandro jaya,c2013 a128 hlm ;c24 cm 4aHIDUP SESUDAH MATI MALAM PERTAMA DIALAM BARZAH(ALAM KUBUR) a200 a35.941